[Event "ODJM B 2025"]
[Site "Willingen GER"]
[Date "2025.06.11"]
[Round "5"]
[White "Grunert, Greta"]
[Black "Ihle, Ben"]
[Result "0-1"]
[Termination "normal"]
[Board "39"]
[WhiteElo "1558"]
[BlackElo "1752"]
[WhiteClock "00:26:58"]
[BlackClock "00:47:18"]
[PlyCount "114"]
[WhiteFideId "16258649"]
[BlackFideId "533020566"]
[EventCountry "GER"]
[EventRounds "9"]
[EventType "swiss"]
[EventDate "2025.06.07"]

1. e4 {[%emt 00:00:05]} d5 {[%clk 01:30:58]} 2. exd5 {[%clk 01:31:20]} {[%emt
00:00:07]} Qxd5 {[%clk 01:31:23]} {[%emt 00:00:05]} 3. Nc3 {[%clk 01:31:39]}
{[%emt 00:00:11]} Qd8 {[%clk 01:31:50]} {[%emt 00:00:03]} 4. Nf3 {[%clk
01:31:27]} {[%emt 00:00:42]} Nf6 {[%clk 01:32:13]} {[%emt 00:00:07]} 5. Bc4
{[%clk 01:30:15]} {[%emt 00:01:42]} e6 {[%clk 01:32:21]} {[%emt 00:00:22]} 6.
d3 {[%clk 01:29:56]} {[%emt 00:00:48]} Be7 {[%clk 01:32:21]} {[%emt 00:00:30]}
7. O-O {[%clk 01:29:09]} {[%emt 00:01:17]} O-O {[%clk 01:32:27]} {[%emt
00:00:25]} 8. Bg5 {[%clk 01:27:11]} {[%emt 00:02:28]} c6 {[%clk 01:32:17]}
{[%emt 00:00:40]} 9. Re1 {[%clk 01:23:36]} {[%emt 00:04:05]} b5 {[%clk
01:32:01]} {[%emt 00:00:47]} 10. Bb3 {[%clk 01:23:42]} {[%emt 00:00:23]} a5
{[%clk 01:31:08]} {[%emt 00:01:22]} 11. a3 {[%clk 01:21:46]} {[%emt 00:02:27]}
Nbd7 {[%clk 01:27:36]} {[%emt 00:04:01]} 12. d4 {[%clk 01:12:56]} {[%emt
00:09:21]} Bb7 {[%clk 01:12:11]} {[%emt 00:15:55]} 13. Qd2 {[%clk 01:00:36]}
{[%emt 00:12:49]} Qc7 {[%clk 01:00:44]} {[%emt 00:11:58]} 14. Ne5 {[%clk
00:39:44]} {[%emt 00:21:22]} Rad8 {[%clk 00:57:44]} {[%emt 00:03:29]} 15. Qe2
{[%clk 00:35:10]} {[%emt 00:04:57]} Rfe8 {[%clk 00:51:49]} {[%emt 00:06:32]}
16. Nxf7 {[%clk 00:29:46]} {[%emt 00:05:54]} Nf8 {[%clk 00:34:47]} {[%emt
00:17:32]} 17. Nxd8 {[%clk 00:28:56]} {[%emt 00:01:20]} Bxd8 {[%clk 00:34:38]}
{[%emt 00:00:39]} 18. Bxf6 {[%clk 00:25:26]} {[%emt 00:04:00]} Bxf6 {[%clk
00:35:04]} {[%emt 00:00:04]} 19. Qg4 {[%clk 00:24:47]} {[%emt 00:01:08]} Qd6
{[%clk 00:31:42]} {[%emt 00:03:54]} 20. Rad1 {[%clk 00:23:42]} {[%emt
00:01:34]} Bc8 {[%clk 00:28:30]} {[%emt 00:03:43]} 21. Ne4 {[%clk 00:22:25]}
{[%emt 00:01:46]} Qe7 {[%clk 00:28:58]} {[%emt 00:00:02]} 22. Nxf6+ {[%clk
00:22:07]} {[%emt 00:00:48]} Qxf6 {[%clk 00:29:24]} {[%emt 00:00:05]} 23. Qe4
{[%clk 00:21:26]} {[%emt 00:01:08]} Bb7 {[%clk 00:28:26]} {[%emt 00:01:31]} 24.
Qe5 {[%clk 00:21:14]} {[%emt 00:00:40]} Qg6 {[%clk 00:28:06]} {[%emt 00:00:51]}
25. Qc7 {[%clk 00:20:09]} {[%emt 00:01:34]} Ba8 {[%clk 00:28:19]} {[%emt
00:00:19]} 26. Qxa5 {[%clk 00:20:00]} {[%emt 00:00:38]} c5 {[%clk 00:28:21]}
{[%emt 00:00:28]} 27. g3 {[%clk 00:19:08]} {[%emt 00:01:21]} c4 {[%clk
00:26:45]} {[%emt 00:02:08]} 28. Ba2 {[%clk 00:18:49]} {[%emt 00:00:49]} Qg4
{[%clk 00:26:49]} {[%emt 00:00:26]} 29. Qc3 {[%clk 00:16:59]} {[%emt 00:02:18]}
Ng6 {[%clk 00:24:00]} {[%emt 00:03:21]} 30. d5 {[%clk 00:13:10]} {[%emt
00:04:19]} Nf4 {[%clk 00:21:40]} {[%emt 00:02:49]} 31. Rd4 {[%clk 00:07:22]}
{[%emt 00:06:18]} Ne2+ {[%clk 00:21:12]} {[%emt 00:00:58]} 32. Rxe2 {[%clk
00:07:49]} {[%emt 00:00:04]} Qxe2 {[%clk 00:21:34]} {[%emt 00:00:07]} 33. Qd2
{[%clk 00:07:33]} {[%emt 00:00:42]} exd5 {[%clk 00:18:16]} {[%emt 00:03:52]}
34. Qxe2 {[%clk 00:05:23]} {[%emt 00:02:40]} Rxe2 {[%clk 00:18:40]} {[%emt
00:00:06]} 35. Kg2 {[%clk 00:05:02]} {[%emt 00:00:51]} Rxc2 {[%clk 00:18:31]}
{[%emt 00:00:39]} 36. Bb1 {[%clk 00:05:13]} {[%emt 00:00:19]} Rxb2 {[%clk
00:18:55]} {[%emt 00:00:06]} 37. Be4 {[%clk 00:04:54]} {[%emt 00:00:43]} dxe4
{[%clk 00:17:55]} {[%emt 00:01:37]} 38. Rd8+ {[%clk 00:05:22]} {[%emt
00:00:02]} Kf7 {[%clk 00:18:17]} {[%emt 00:00:08]} 39. Rxa8 {[%clk 00:05:35]}
{[%emt 00:00:17]} e3 {[%clk 00:18:33]} {[%emt 00:00:14]} 40. Ra7+ {[%clk
00:03:17]} {[%emt 00:02:48]} Kf6 {[%clk 00:17:27]} {[%emt 00:01:35]} 41. Kf1
{[%clk 00:02:18]} {[%emt 00:01:28]} Rxf2+ {[%clk 00:17:31]} {[%emt 00:00:26]}
42. Ke1 {[%clk 00:02:31]} {[%emt 00:00:16]} Rxh2 {[%clk 00:17:06]} {[%emt
00:00:57]} 43. Rb7 {[%clk 00:02:28]} {[%emt 00:00:31]} c3 {[%clk 00:15:28]}
{[%emt 00:02:11]} 44. Rb6+ {[%clk 00:27:27]} {[%emt 00:05:31]} Kf5 {[%clk
00:42:40]} {[%emt 00:03:17]} 45. Rxb5+ {[%clk 00:27:27]} {[%emt 00:00:30]} Kg4
{[%clk 00:43:00]} {[%emt 00:00:08]} 46. Kd1 {[%clk 00:23:56]} {[%emt 00:04:03]}
Rd2+ {[%clk 00:43:14]} {[%emt 00:00:16]} 47. Ke1 {[%clk 00:23:37]} {[%emt
00:00:49]} c2 {[%clk 00:43:25]} {[%emt 00:00:19]} 48. Rc5 {[%clk 00:23:44]}
{[%emt 00:00:23]} Rd1+ {[%clk 00:43:50]} {[%emt 00:00:05]} 49. Ke2 {[%clk
00:24:06]} {[%emt 00:00:08]} c1=Q {[%clk 00:44:08]} {[%emt 00:00:12]} 50. Rxc1
{[%clk 00:24:31]} {[%emt 00:00:05]} Rxc1 {[%clk 00:44:34]} {[%emt 00:00:05]}
51. Kxe3 {[%clk 00:24:54]} {[%emt 00:00:06]} Rc3+ {[%clk 00:44:57]} {[%emt
00:00:07]} 52. Kf2 {[%clk 00:25:18]} {[%emt 00:00:05]} Rxa3 {[%clk 00:45:21]}
{[%emt 00:00:07]} 53. Kg2 {[%clk 00:25:40]} {[%emt 00:00:08]} Ra2+ {[%clk
00:45:47]} {[%emt 00:00:04]} 54. Kf1 {[%clk 00:25:52]} {[%emt 00:00:16]} Kf3
{[%clk 00:46:13]} {[%emt 00:00:05]} 55. Kg1 {[%clk 00:26:08]} {[%emt 00:00:13]}
g6 {[%clk 00:46:26]} {[%emt 00:00:19]} 56. Kh1 {[%clk 00:26:32]} {[%emt
00:00:05]} Kxg3 {[%clk 00:46:51]} {[%emt 00:00:06]} 57. Kg1 {[%clk 00:26:58]}
{[%emt 00:00:04]} Ra1# {[%clk 00:47:18]} {[%emt 00:00:04]} 0-1

[Event "ODJM B 2025"]
[Site "Willingen GER"]
[Date "2025.06.11"]
[Round "5"]
[White "Geib, Niklas"]
[Black "Claussen, Alexander"]
[Result "1/2-1/2"]
[Termination "normal"]
[Board "40"]
[WhiteElo "1581"]
[BlackElo "1654"]
[WhiteClock "00:41:28"]
[BlackClock "00:19:57"]
[PlyCount "49"]
[WhiteFideId "34682236"]
[BlackFideId "16248910"]
[EventCountry "GER"]
[EventRounds "9"]
[EventType "swiss"]
[EventDate "2025.06.07"]

1. d4 {[%clk 01:30:58]} {[%emt 00:00:01]} f5 {[%clk 01:30:48]} {[%emt
00:00:12]} 2. Nf3 {[%clk 01:31:19]} {[%emt 00:00:10]} Nf6 {[%clk 01:30:46]}
{[%emt 00:00:31]} 3. e3 {[%clk 01:31:43]} {[%emt 00:00:06]} e6 {[%clk
01:31:12]} {[%emt 00:00:05]} 4. Nbd2 {[%clk 01:32:00]} {[%emt 00:00:12]} b6
{[%clk 01:31:30]} {[%emt 00:00:12]} 5. Be2 {[%clk 01:32:24]} {[%emt 00:00:06]}
Bb7 {[%clk 01:31:56]} {[%emt 00:00:05]} 6. O-O {[%clk 01:32:48]} {[%emt
00:00:06]} Be7 {[%clk 01:32:23]} {[%emt 00:00:03]} 7. c4 {[%clk 01:32:59]}
{[%emt 00:00:18]} Bb4 {[%clk 01:32:14]} {[%emt 00:00:40]} 8. a3 {[%clk
01:33:05]} {[%emt 00:00:24]} Bxd2 {[%clk 01:32:39]} {[%emt 00:00:05]} 9. Bxd2
{[%clk 01:33:19]} {[%emt 00:00:17]} O-O {[%clk 01:33:02]} {[%emt 00:00:06]} 10.
b4 {[%clk 01:30:14]} {[%emt 00:03:34]} Ne4 {[%clk 01:21:02]} {[%emt 00:12:30]}
11. c5 {[%clk 01:28:32]} {[%emt 00:02:12]} Nc6 {[%clk 01:09:03]} {[%emt
00:12:30]} 12. cxb6 {[%clk 01:23:21]} {[%emt 00:05:41]} cxb6 {[%clk 01:08:42]}
{[%emt 00:00:50]} 13. Bc4 {[%clk 01:20:49]} {[%emt 00:03:01]} Ne7 {[%clk
00:58:56]} {[%emt 00:10:17]} 14. b5 {[%clk 01:15:41]} {[%emt 00:05:39]} Nxd2
{[%clk 00:57:29]} {[%emt 00:01:57]} 15. Nxd2 {[%clk 01:15:32]} {[%emt
00:00:39]} Nc8 {[%clk 00:56:56]} {[%emt 00:01:03]} 16. a4 {[%clk 01:13:42]}
{[%emt 00:02:20]} Nd6 {[%clk 00:56:10]} {[%emt 00:01:15]} 17. Bb3 {[%clk
01:12:24]} {[%emt 00:01:48]} f4 {[%clk 00:44:38]} {[%emt 00:12:03]} 18. Nf3
{[%clk 01:06:03]} {[%emt 00:06:50]} fxe3 {[%clk 00:40:07]} {[%emt 00:05:01]}
19. fxe3 {[%clk 01:06:25]} {[%emt 00:00:08]} Qe7 {[%clk 00:39:38]} {[%emt
00:00:59]} 20. d5 {[%clk 01:02:40]} {[%emt 00:04:16]} e5 {[%clk 00:38:52]}
{[%emt 00:01:16]} 21. e4 {[%clk 00:55:21]} {[%emt 00:07:49]} Kh8 {[%clk
00:39:01]} {[%emt 00:00:20]} 22. Qd3 {[%clk 00:53:05]} {[%emt 00:02:46]} Rac8
{[%clk 00:36:08]} {[%emt 00:03:23]} 23. Kh1 {[%emt 00:20:44]} Rc5 {[%clk
00:22:04]} 24. Rfc1 {[%clk 00:45:30]} {[%emt 00:02:26]} Rfc8 {[%clk 00:19:57]}
{[%emt 00:02:36]} 25. Rxc5 {[%clk 00:41:28]} {[%emt 00:04:32]} 1/2-1/2

[Event "ODJM B 2025"]
[Site "Willingen GER"]
[Date "2025.06.11"]
[Round "5"]
[White "Schmidt, Sophie"]
[Black "Wilmink, Luca"]
[Result "0-1"]
[Termination "normal"]
[Board "41"]
[WhiteElo "1613"]
[BlackElo "1779"]
[WhiteClock "00:19:52"]
[BlackClock "00:32:53"]
[PlyCount "84"]
[WhiteFideId "34682503"]
[BlackFideId "16245253"]
[EventCountry "GER"]
[EventRounds "9"]
[EventType "swiss"]
[EventDate "2025.06.07"]

1. d4 {[%clk 01:30:59]} {[%emt 00:00:01]} Nf6 {[%clk 01:30:50]} {[%emt
00:00:11]} 2. Nf3 {[%clk 01:31:20]} {[%emt 00:00:08]} g6 {[%clk 01:30:41]}
{[%emt 00:00:39]} 3. Bf4 {[%clk 01:31:08]} {[%emt 00:00:42]} Bg7 {[%clk
01:30:14]} {[%emt 00:00:57]} 4. c4 {[%clk 01:31:05]} {[%emt 00:00:33]} d6
{[%clk 01:29:01]} {[%emt 00:01:43]} 5. h3 {[%clk 01:30:53]} {[%emt 00:00:41]}
O-O {[%clk 01:28:56]} {[%emt 00:00:35]} 6. e3 {[%clk 01:29:57]} {[%emt
00:01:26]} Nbd7 {[%clk 01:28:43]} {[%emt 00:00:43]} 7. Be2 {[%clk 01:29:31]}
{[%emt 00:00:55]} Re8 {[%clk 01:28:27]} {[%emt 00:00:47]} 8. O-O {[%clk
01:29:20]} {[%emt 00:00:41]} e5 {[%clk 01:28:01]} {[%emt 00:00:56]} 9. dxe5
{[%clk 01:25:52]} {[%emt 00:03:58]} dxe5 {[%clk 01:27:41]} {[%emt 00:00:50]}
10. Bh2 {[%clk 01:22:52]} {[%emt 00:03:30]} b6 {[%clk 01:23:19]} {[%emt
00:04:53]} 11. Nc3 {[%clk 01:21:15]} {[%emt 00:02:07]} Bb7 {[%clk 01:22:31]}
{[%emt 00:01:17]} 12. Qc2 {[%clk 01:07:25]} {[%emt 00:14:20]} Qe7 {[%clk
01:18:11]} {[%emt 00:04:50]} 13. Rad1 {[%clk 01:01:47]} {[%emt 00:06:08]} Rad8
{[%clk 01:15:22]} {[%emt 00:03:19]} 14. Nb5 {[%clk 00:57:29]} {[%emt 00:04:48]}
Bxf3 {[%clk 01:07:50]} {[%emt 00:08:02]} 15. Bxf3 {[%clk 00:57:10]} {[%emt
00:00:49]} e4 {[%clk 01:05:53]} {[%emt 00:02:28]} 16. Be2 {[%clk 00:54:12]}
{[%emt 00:03:27]} Ne5 {[%clk 00:59:57]} {[%emt 00:06:26]} 17. Nxa7 {[%clk
00:43:37]} {[%emt 00:11:05]} c6 {[%clk 00:57:57]} {[%emt 00:02:30]} 18. Bxe5
{[%clk 00:41:19]} {[%emt 00:02:48]} Rxd1 {[%clk 00:57:02]} {[%emt 00:01:26]}
19. Rxd1 {[%clk 00:41:25]} {[%emt 00:00:23]} Qxa7 {[%clk 00:57:13]} {[%emt
00:00:18]} 20. Bxf6 {[%clk 00:39:23]} {[%emt 00:02:32]} Bxf6 {[%clk 00:57:42]}
{[%emt 00:00:02]} 21. Rd6 {[%clk 00:37:49]} {[%emt 00:02:03]} Bd8 {[%clk
00:51:46]} {[%emt 00:06:25]} 22. Rxc6 {[%clk 00:35:32]} {[%emt 00:02:48]} Qd7
{[%clk 00:51:53]} {[%emt 00:00:23]} 23. Qa4 {[%clk 00:29:33]} {[%emt 00:06:29]}
Re6 {[%clk 00:49:56]} {[%emt 00:02:27]} 24. Rxe6 {[%clk 00:28:25]} {[%emt
00:01:38]} Qxa4 {[%clk 00:49:42]} {[%emt 00:00:43]} 25. Rxe4 {[%clk 00:27:43]}
{[%emt 00:01:12]} Bf6 {[%clk 00:48:33]} {[%emt 00:01:39]} 26. Rf4 {[%clk
00:27:00]} {[%emt 00:01:13]} Bxb2 {[%clk 00:47:56]} {[%emt 00:01:08]} 27. c5
{[%clk 00:26:37]} {[%emt 00:00:53]} Qa5 {[%clk 00:47:35]} {[%emt 00:00:51]} 28.
c6 {[%clk 00:26:21]} {[%emt 00:00:47]} Qe1+ {[%clk 00:47:18]} {[%emt 00:00:46]}
29. Bf1 {[%clk 00:26:25]} {[%emt 00:00:26]} Be5 {[%clk 00:45:54]} {[%emt
00:01:55]} 30. Rc4 {[%clk 00:26:09]} {[%emt 00:00:46]} Bc7 {[%clk 00:43:28]}
{[%emt 00:02:56]} 31. Rd4 {[%clk 00:26:05]} {[%emt 00:00:33]} Qc1 {[%clk
00:43:25]} {[%emt 00:00:33]} 32. Rc4 {[%clk 00:26:10]} {[%emt 00:00:25]} Qb1
{[%clk 00:43:07]} {[%emt 00:00:48]} 33. Rd4 {[%clk 00:25:55]} {[%emt 00:00:45]}
Qxa2 {[%clk 00:39:23]} {[%emt 00:04:14]} 34. Rd7 {[%clk 00:25:52]} {[%emt
00:00:32]} Qa7 {[%clk 00:39:00]} {[%emt 00:00:53]} 35. Bc4 {[%clk 00:25:10]}
{[%emt 00:01:12]} Qa1+ {[%clk 00:39:12]} {[%emt 00:00:18]} 36. Bf1 {[%clk
00:25:28]} {[%emt 00:00:11]} Qe5 {[%clk 00:39:32]} {[%emt 00:00:09]} 37. Bc4
{[%clk 00:24:15]} {[%emt 00:01:44]} b5 {[%clk 00:35:03]} {[%emt 00:04:59]} 38.
Bxf7+ {[%clk 00:20:53]} {[%emt 00:03:52]} Kh8 {[%clk 00:33:23]} {[%emt
00:02:10]} 39. Bb3 {[%clk 00:20:54]} {[%emt 00:00:30]} Qa1+ {[%clk 00:31:59]}
{[%emt 00:01:53]} 40. Bd1 {[%clk 00:20:09]} {[%emt 00:01:14]} Qc1 {[%clk
00:32:09]} {[%emt 00:00:21]} 41. Rxc7 {[%clk 00:19:35]} {[%emt 00:01:05]} Qxd1+
{[%clk 00:32:28]} {[%emt 00:00:11]} 42. Kh2 {[%clk 00:19:52]} {[%emt 00:00:13]}
Qd6+ {[%clk 00:32:53]} {[%emt 00:00:04]} 0-1

[Event "ODJM B 2025"]
[Site "Willingen GER"]
[Date "2025.06.11"]
[Round "5"]
[White "Junge, Julia Marie"]
[Black "Ebel, Felix"]
[Result "1-0"]
[Termination "normal"]
[Board "42"]
[WhiteElo "1734"]
[BlackElo "1605"]
[WhiteClock "00:55:47"]
[BlackClock "00:57:08"]
[PlyCount "87"]
[WhiteFideId "16293908"]
[BlackFideId "34651446"]
[EventCountry "GER"]
[EventRounds "9"]
[EventType "swiss"]
[EventDate "2025.06.07"]

1. c4 {[%clk 01:30:58]} {[%emt 00:00:02]} Nf6 {[%clk 01:30:28]} {[%emt
00:00:32]} 2. Nc3 {[%clk 01:31:17]} {[%emt 00:00:11]} g6 {[%clk 01:30:50]}
{[%emt 00:00:08]} 3. g3 {[%clk 01:31:44]} {[%emt 00:00:04]} Bg7 {[%clk
01:31:16]} {[%emt 00:00:04]} 4. Bg2 {[%clk 01:32:05]} {[%emt 00:00:08]} d6
{[%clk 01:31:26]} {[%emt 00:00:20]} 5. d4 {[%clk 01:31:11]} {[%emt 00:01:25]}
O-O {[%clk 01:31:42]} {[%emt 00:00:15]} 6. Nf3 {[%clk 01:26:30]} {[%emt
00:05:10]} Re8 {[%clk 01:29:23]} {[%emt 00:02:48]} 7. O-O {[%clk 01:26:20]}
{[%emt 00:00:41]} c6 {[%clk 01:28:25]} {[%emt 00:01:28]} 8. e4 {[%clk
01:22:31]} {[%emt 00:04:19]} Nbd7 {[%clk 01:26:41]} {[%emt 00:02:15]} 9. Bf4
{[%clk 01:16:27]} {[%emt 00:06:33]} Qa5 {[%clk 01:23:33]} {[%emt 00:03:38]} 10.
a3 {[%clk 01:14:39]} {[%emt 00:02:19]} e5 {[%clk 01:19:25]} {[%emt 00:04:37]}
11. b4 {[%clk 01:13:39]} {[%emt 00:01:30]} Qc7 {[%clk 01:19:41]} {[%emt
00:00:14]} 12. dxe5 {[%clk 01:12:44]} {[%emt 00:01:25]} Nxe5 {[%clk 01:19:58]}
{[%emt 00:00:12]} 13. Bxe5 {[%clk 01:09:37]} {[%emt 00:03:37]} dxe5 {[%clk
01:20:18]} {[%emt 00:00:10]} 14. Qb3 {[%clk 01:09:53]} {[%emt 00:00:14]} Be6
{[%clk 01:20:27]} {[%emt 00:00:20]} 15. Ng5 {[%clk 01:09:38]} {[%emt 00:00:46]}
Qe7 {[%clk 01:18:14]} {[%emt 00:02:43]} 16. Nxe6 {[%clk 01:07:14]} {[%emt
00:02:55]} Qxe6 {[%clk 01:18:32]} {[%emt 00:00:12]} 17. a4 {[%clk 01:07:26]}
{[%emt 00:00:19]} a6 {[%clk 01:18:36]} {[%emt 00:00:25]} 18. a5 {[%clk
01:07:10]} {[%emt 00:00:46]} Nd7 {[%clk 01:17:59]} {[%emt 00:01:06]} 19. Rfd1
{[%clk 01:04:47]} {[%emt 00:02:53]} b5 {[%clk 01:18:05]} {[%emt 00:00:25]} 20.
Bf1 {[%clk 01:03:47]} {[%emt 00:01:30]} c5 {[%clk 01:17:15]} {[%emt 00:01:19]}
21. Nd5 {[%clk 01:04:09]} {[%emt 00:00:09]} bxc4 {[%clk 01:17:09]} {[%emt
00:00:35]} 22. Bxc4 {[%clk 01:03:52]} {[%emt 00:00:47]} Qc6 {[%clk 01:17:33]}
{[%emt 00:00:06]} 23. Nb6 {[%clk 01:03:22]} {[%emt 00:01:01]} Nxb6 {[%clk
01:17:34]} {[%emt 00:00:30]} 24. Bxf7+ {[%clk 01:03:47]} {[%emt 00:00:05]} Kh8
{[%clk 01:17:55]} {[%emt 00:00:09]} 25. Bxe8 {[%clk 01:04:06]} {[%emt
00:00:11]} Rxe8 {[%clk 01:17:13]} {[%emt 00:01:12]} 26. axb6 {[%clk 01:04:24]}
{[%emt 00:00:12]} Qxb6 {[%clk 01:17:31]} {[%emt 00:00:11]} 27. Rab1 {[%clk
01:04:02]} {[%emt 00:00:52]} Rb8 {[%clk 01:17:55]} {[%emt 00:00:06]} 28. Rd3
{[%clk 01:04:25]} {[%emt 00:00:07]} cxb4 {[%clk 01:17:30]} {[%emt 00:00:55]}
29. Rbd1 {[%clk 01:03:17]} {[%emt 00:01:39]} Rf8 {[%clk 01:17:09]} {[%emt
00:00:52]} 30. Qb2 {[%clk 01:03:36]} {[%emt 00:00:11]} a5 {[%clk 01:16:36]}
{[%emt 00:01:03]} 31. Rd6 {[%clk 01:03:59]} {[%emt 00:00:07]} Qc7 {[%clk
01:14:54]} {[%emt 00:02:12]} 32. Rd7 {[%clk 01:02:20]} {[%emt 00:02:10]} Qc6
{[%clk 01:13:44]} {[%emt 00:01:40]} 33. R7d5 {[%clk 01:02:18]} {[%emt
00:00:31]} Qb6 {[%clk 01:13:45]} {[%emt 00:00:29]} 34. Ra1 {[%clk 01:01:47]}
{[%emt 00:01:02]} Ra8 {[%clk 01:12:51]} {[%emt 00:01:24]} 35. Qa2 {[%clk
01:02:08]} {[%emt 00:00:09]} b3 {[%clk 01:11:50]} {[%emt 00:01:31]} 36. Qb2
{[%clk 01:02:25]} {[%emt 00:00:13]} a4 {[%clk 01:12:03]} {[%emt 00:00:17]} 37.
Rd3 {[%emt 00:02:59]} Ra5 {[%clk 01:07:45]} {[%emt 00:02:53]} 38. Rc3 {[%clk
01:01:19]} {[%emt 00:01:02]} Bf8 {[%clk 01:07:17]} {[%emt 00:00:58]} 39. Rc8
{[%clk 00:57:52]} {[%emt 00:03:57]} Kg8 {[%clk 01:05:20]} {[%emt 00:02:28]} 40.
Qa3 {[%clk 00:56:01]} {[%emt 00:02:21]} Qf6 {[%clk 01:04:39]} {[%emt 00:01:10]}
41. Qb4 {[%clk 00:55:22]} {[%emt 00:01:09]} b2 {[%clk 00:56:46]} {[%emt
00:08:23]} 42. Qxb2 {[%clk 00:55:35]} {[%emt 00:00:17]} Kg7 {[%clk 00:57:08]}
{[%emt 00:00:08]} 43. Rc7+ {[%clk 00:55:22]} {[%emt 00:00:43]} Kh6 {[%clk
00:57:08]} {[%emt 00:00:30]} 44. Qd2+ {[%clk 00:55:47]} {[%emt 00:00:04]} 1-0

[Event "ODJM B 2025"]
[Site "Willingen GER"]
[Date "2025.06.11"]
[Round "5"]
[White "Gutsche, Jan-Frederic"]
[Black "Franke, Moritz"]
[Result "1/2-1/2"]
[Termination "normal"]
[Board "43"]
[WhiteElo "1742"]
[BlackElo "1627"]
[WhiteClock "00:20:37"]
[BlackClock "01:01:11"]
[PlyCount "44"]
[WhiteFideId "34683631"]
[BlackFideId "34629475"]
[EventCountry "GER"]
[EventRounds "9"]
[EventType "swiss"]
[EventDate "2025.06.07"]

1. e4 {[%clk 01:30:59]} c5 {[%clk 01:30:55]} {[%emt 00:00:05]} 2. Nf3 {[%clk
01:31:24]} {[%emt 00:00:05]} Nc6 {[%clk 01:31:22]} {[%emt 00:00:04]} 3. d4
{[%clk 01:31:39]} {[%emt 00:00:14]} cxd4 {[%clk 01:31:48]} {[%emt 00:00:04]} 4.
Nxd4 {[%clk 01:31:55]} {[%emt 00:00:13]} g6 {[%clk 01:32:11]} {[%emt 00:00:07]}
5. Nc3 {[%clk 01:31:49]} {[%emt 00:00:37]} Bg7 {[%clk 01:32:07]} {[%emt
00:00:34]} 6. Be3 {[%emt 00:00:08]} Nf6 {[%clk 01:32:31]} {[%emt 00:00:05]} 7.
Be2 {[%clk 01:32:16]} {[%emt 00:00:25]} O-O {[%clk 01:32:52]} {[%emt 00:00:09]}
8. O-O {[%clk 01:31:42]} {[%emt 00:01:04]} d5 {[%clk 01:33:16]} {[%emt
00:00:06]} 9. exd5 {[%clk 01:28:33]} {[%emt 00:03:39]} Nxd5 {[%clk 01:28:33]}
{[%emt 00:05:14]} 10. Nxd5 {[%clk 01:25:08]} {[%emt 00:03:55]} Qxd5 {[%clk
01:28:53]} {[%emt 00:00:09]} 11. c3 {[%clk 01:05:13]} {[%emt 00:20:26]} Nxd4
{[%clk 01:27:06]} {[%emt 00:02:18]} 12. Bxd4 {[%clk 01:03:51]} {[%emt
00:01:52]} Bxd4 {[%clk 01:26:28]} {[%emt 00:01:08]} 13. Qxd4 {[%clk 01:03:57]}
{[%emt 00:00:24]} Qxd4 {[%clk 01:26:45]} {[%emt 00:00:12]} 14. cxd4 {[%clk
01:04:21]} {[%emt 00:00:05]} Bf5 {[%clk 01:27:08]} {[%emt 00:00:06]} 15. Bf3
{[%clk 00:47:14]} {[%emt 00:17:37]} Rfd8 {[%clk 01:26:37]} {[%emt 00:01:01]}
16. d5 {[%clk 00:44:20]} {[%emt 00:03:25]} Rac8 {[%clk 00:59:41]} {[%emt
00:27:26]} 17. Rac1 {[%clk 00:40:27]} {[%emt 00:04:23]} Rxc1 {[%clk 00:59:30]}
{[%emt 00:00:41]} 18. Rxc1 {[%clk 00:40:55]} {[%emt 00:00:02]} Rc8 {[%clk
00:59:52]} {[%emt 00:00:08]} 19. Rxc8+ {[%clk 00:38:19]} {[%emt 00:03:07]} Bxc8
{[%clk 01:00:17]} {[%emt 00:00:04]} 20. Kf1 {[%clk 00:38:08]} {[%emt 00:00:41]}
b6 {[%clk 01:00:28]} {[%emt 00:00:20]} 21. Ke2 {[%clk 00:37:28]} {[%emt
00:01:10]} e6 {[%clk 01:00:50]} {[%emt 00:00:08]} 22. dxe6 {[%clk 00:20:37]}
{[%emt 00:17:20]} Bxe6 {[%clk 01:01:11]} {[%emt 00:00:09]} 1/2-1/2